| 000 | 00510nam a2200193Ia 4500 | ||
|---|---|---|---|
| 008 | 240510s9999 xx 000 0 und d | ||
| 020 | _a0000805311963 | ||
| 041 | _aEng | ||
| 082 | _a006.3 | ||
| 082 | _bL83 | ||
| 100 | _aFLUGER G. : STUBBLEFIELD, W.A. | ||
| 245 | 0 | _aARTIFICIAL INTELLIGENCE : STRUCTURES AND STRATEGIES FOR COMPLEX PROBLEM SOLVING | |
| 260 | _bADDISION WESLEY : NEW YORK | ||
| 260 | _c1988 | ||
| 300 | _a824 p. | ||
| 650 | _aARTIFICIAL INTELLIGENCE | ||
| 942 | _2ddc | ||
| 942 | _cRBK | ||
| 999 |
_c26031 _d26031 |
||
| 945 |
_a1 _bMadushi Gamage _c1 _dMadushi Gamage |
||